000 00566nam a2200205Ia 4500
001 b2073-21949 [413]
003 IT-MiCISF
008 161014s9999||||xx |||||||||||||| ||und||
040 _aIT-MiCISF
_cIT-MiCISF
041 _ait
100 _aDuby Georges
245 0 _aMedioevo maschio amore e matrimonio
250 _a1a ed.
260 _aBari
_bLaterza
_c1988
300 _ap. 252
500 _a / storia, sociologia, uomo, patriarcato, ruoli-familiari, amore, matrimonio, storia, /
650 _amatrimonio
942 _cBK
957 _71
999 _a21949
_bsi
_g1
_c215437
_d215437